000 01066nam a2200253 i 4500
001 30708
003 ES-MaACL
005 20250808085332.0
007 t|
008 030127s1945 sp ||||1| spa d
100 1 _aBayle, Constantino.
_926670
245 1 3 _aEl protector de indios /
_cConstantino Bayle, S.J.
250 _a1ª ed.
260 _aMadrid :
_bConsejo Superior de Investigaciones Científicas,
_c1945 (
_eSevilla :
_fEd. Católica Española)
300 _a175 p. ;
_c24 cm.
490 1 _aPublicaciones de la Escuela de Estudios Hispano-Americanos de la Universidad de Sevilla ;
_v10
594 _aArtículo publ. en el t. II del "Anuario de estudios americanos"
650 4 _aIndios de América-
_xTrato recibido
_913674
650 4 _aDerecho colonial-
_zAmérica española
_911671
710 2 _aEscuela de Estudios Hispano-Americanos (Sevilla)
_9134366
830 1 _aPublicaciones de la Escuela de Estudios Hispano-Americanos de la Universidad de Sevilla ;
_v10
_9186433
852 _aES-MaACL
_j1855-F-9
999 _c30708
_d30708